| 000 | 02630nam a2200313 i 4500 | ||
|---|---|---|---|
| 003 | EG-ScBUE | ||
| 005 | 20250511090310.0 | ||
| 008 | 200219t2021 nyua f 001 0 eng d | ||
| 020 | _a9780367247454 | ||
| 040 |
_aEG-ScBUE _beng _erda _cEG-ScBUE _dEG-ScBUE |
||
| 082 | 0 | 4 |
_a720.475 _222 _bARC |
| 245 | 0 | 4 |
_aThe architecture of waste : _bdesign for a circular economy / _cedited by Caroline O'Donnell and Dillon Pranger. |
| 264 | 1 |
_aNew York : _bRoutledge, Taylor & Francis Group, _c[2021] |
|
| 264 | 4 | _cc2021 | |
| 300 |
_axxxvii, 267 pages : _bchiefly color illustrations ; _c27 cm |
||
| 336 |
_atext _btxt _2rdacontent |
||
| 337 |
_aunmediated _bn _2rdamedia |
||
| 338 |
_avolume _bnc _2rdacarrier |
||
| 500 | _aIncludes index. | ||
| 520 |
_a"Global material crises are imminent. In the very near future, recycling will no longer be a choice made by those concerned about the environment, but a necessity for all. This means a paradigm shift in domestic behavior, manufacturing, construction, and design is inevitable. The Architecture of Waste provides a hopeful outlook through examining current recycling practices, rethinking initial manufacturing techniques, and proposing design solutions for second lives of material objects. The book touches on a variety of inescapable issues beyond our global waste crisis including cultural psyches, politics, economics, manufacturing, marketing, and material science. A series of crucial perspectives from experts cover these topics and frame the research by providing a past, present, and future look at how we got here and where we go next: the historical, the material, and the design. Twelve design proposals look beyond the simple application of recycled and waste materials in architecture-an admirable endeavor but one that does not engage the urgent reality of a circular economy-by aiming to transform familiar, yet flawed, material objects into closed-loop resources. Complete with 300 color images and written for both professionals and students, The Architecture of Waste is a necessary reference for rethinking the traditional role of the architect and challenging the discipline to address urgent material issues within the larger design process"-- _cProvided by publisher. |
||
| 650 | 7 |
_aSustainable architecture. _2BUEsh |
|
| 650 | 7 |
_aWaste products as building materials. _2BUEsh |
|
| 653 |
_cMay2025 _bART |
||
| 655 | _vReading book | ||
| 700 | 1 |
_aO'Donnell, Caroline, _eeditor. |
|
| 700 | 1 |
_aPranger, Dillon, _eeditor. |
|
| 776 | 0 | 8 |
_iOnline version: _tThe architecture of waste _dNew York, NY : Routledge, 2021. _z9780367247478 _w(DLC) 2020015712 |
| 942 |
_2ddc _cBB |
||
| 999 |
_c30955 _d30926 |
||